| 000 | 00572nam a22001937a 4500 | ||
|---|---|---|---|
| 003 | OSt | ||
| 005 | 20180116183032.0 | ||
| 008 | 151222b xxu||||| |||| 00| 0 eng d | ||
| 020 | _a05-261-88-1 | ||
| 024 | _205-261-88-1 | ||
| 040 | _cLahore LUMS | ||
| 082 | _a 174.4 LUM 1988 | ||
| 100 | _aQureshi Z I | ||
| 245 |
_aMANAGEMENT APPRAISAL AT PAKISTAN TOBACCO COMPANY _cQureshi Z I |
||
| 260 |
_aLahore LUMS _b Lahore University of Management Sciences _c1988 |
||
| 300 |
_a8 p. _bPapers |
||
| 440 | _aMANAGEMENT APPRAISAL AT PAKISTAN TOBACCO COMPANY | ||
| 942 |
_2ddc _cCS |
||
| 999 |
_c351053 _d351053 |
||